00665nam a22001817a 4500003000900000005001700009008004100026040001300067100002700080245004800107250000600155260002600161300001800187520013300205942001200338999001900350952011400369IT-RoPau20220918181218.0131125b xxu||||| |||| 00| 0 eng d cIT-RoPau aAmorth, Gabriele93495 aLa spiritualité de la famille Paulinienne aI aLubumbashibSSPc1978 a31 pp.c20 cm aIndice I. La spiritualite in general II. L'idee de "Maitre" III. Jesus Maitre Voie IV. Jesus Maitre Verite V. Jesus Maitre Vie  2ddccBK c104167d104167 00102ddc406P_B171aPAULUSbPAULUSd2013-11-25l0oP B1pCDU SpFP. 39r2013-11-25 00:00:00w2013-11-25yBK